| Tag |
First Indicator |
Second Indicator |
Subfields |
| LEADER |
00000cam a2200000 4500 |
| 001 |
in00000041018 |
| 005 |
20151007070607.0 |
| 008 |
760802s1961 njua b 00010 eng |
| 010 |
|
|
|a 61066821
|
| 035 |
|
|
|a (OCoLC)02350986
|
| 035 |
|
|
|9 AAE4315AM
|
| 040 |
|
|
|a DLC
|c AKR
|d TXA
|d UtOrBLW
|
| 049 |
|
|
|a TXAM
|c [464495]
|
| 050 |
0 |
0 |
|a QD172.A4
|b F3
|
| 082 |
0 |
|
|a 546.38
|
| 092 |
|
|
|a 546.38
|b F254a, 1961
|
| 100 |
1 |
|
|a Fatt, Irving.
|
| 245 |
1 |
0 |
|a Alkali metal dispersions /
|c [by] Irving Fatt and Marie Tashima.
|
| 264 |
|
1 |
|a Princeton, N.J. :
|b Van Nostrand,
|c [1961]
|
| 300 |
|
|
|a 228 pages :
|b illustrations ;
|c 24 cm.
|
| 336 |
|
|
|a text
|b txt
|2 rdacontent
|
| 337 |
|
|
|a unmediated
|b n
|2 rdamedia
|
| 338 |
|
|
|a volume
|b nc
|2 rdacarrier
|
| 504 |
|
|
|a Includes bibliography.
|
| 650 |
|
0 |
|a Alkali metals.
|
| 650 |
|
0 |
|a Colloids.
|
| 700 |
1 |
|
|a Tashima, Marie.
|
| 999 |
|
|
|a MARS
|
| 999 |
f |
f |
|s 81071a03-863d-30c7-b480-d297dad74aea
|i 8fbd9324-a750-3d79-bb01-29d783bb59d1
|t 0
|
| 952 |
f |
f |
|p ric
|a Texas A&M University
|b Rellis Campus
|c Joint Library Facility
|d Remote Storage
|t 0
|e QD172.A4 F3
|h Library of Congress classification
|i unmediated -- volume
|m A14800942128
|
| 998 |
f |
f |
|a QD172.A4 F3
|t 0
|l Remote Storage
|